Advanced engineering mathematics (Record no. 1337)

000 -LEADER
fixed length control field 00610nam a2200217 a 4500
001 - CONTROL NUMBER
control field 1337
003 - CONTROL NUMBER IDENTIFIER
control field BD-DhUET
008 - FIXED-LENGTH DATA ELEMENTS--GENERAL INFORMATION
fixed length control field 980909s1999 nyua b 001 0 eng
020 ## - INTERNATIONAL STANDARD BOOK NUMBER
International Standard Book Number 047133328X
040 ## - CATALOGING SOURCE
Original cataloging agency DLC
Transcribing agency DLC
Modifying agency BD-DhUET
082 00 - DEWEY DECIMAL CLASSIFICATION NUMBER
Classification number 530.15
Item number KRE/1999
100 ## - MAIN ENTRY--PERSONAL NAME
Personal name Kreyszig, Erwin
245 10 - TITLE STATEMENT
Title Advanced engineering mathematics
250 ## - EDITION STATEMENT
Edition statement 8th ed.
260 ## - PUBLICATION, DISTRIBUTION, ETC. (IMPRINT)
Place of publication, distribution, etc. New Delhi
Name of publisher, distributor, etc. John Wiley & Sons
Date of publication, distribution, etc. 1999
300 ## - PHYSICAL DESCRIPTION
Extent xvi,1156 p.+ various paging
504 ## - BIBLIOGRAPHY, ETC. NOTE
Bibliography, etc Includes bibliographies
650 #0 - SUBJECT ADDED ENTRY--TOPICAL TERM
Topical term or geographic name as entry element Engineering mathematics
856 41 - ELECTRONIC LOCATION AND ACCESS
Uniform Resource Identifier http://www.loc.gov/catdir/toc/onix04/98037591.html
942 ## - ADDED ENTRY ELEMENTS (KOHA)
Koha item type General Book
Holdings
Location (home branch) Koha item type Koha date last seen Date acquired Koha full call number Price effective from Source of classification or shelving scheme Koha date last borrowed Copy number Koha renewals Damaged status Koha normalized classification for sorting Piece designation (barcode) Sublocation or collection (holding branch) Shelving location Lost status Koha issues (times borrowed) Withdrawn status Not for loan
Central Library, BUETGeneral Book2024-03-062014-09-03530.15/KRE/19992014-09-03 2024-01-301  530_000000000000000_15KRE1999103814Central Library, BUETCirculation section 2  
Central Library, BUETGeneral Book2014-09-032014-09-03530.15/KRE/19992014-09-03  2  530_000000000000000_15KRE1999103815Central Library, BUETCirculation section    
Central Library, BUETGeneral Book2024-02-032014-09-03530.15/KRE/19992014-09-03 2024-01-223  530_000000000000000_15KRE1999103816Central Library, BUETCirculation section 6  
Central Library, BUETGeneral Book2024-02-172014-09-03530.15/KRE/19992014-09-03 2024-01-304  530_000000000000000_15KRE1999103817Central Library, BUETCirculation section 3  
Central Library, BUETGeneral Book2024-02-192014-09-03530.15/KRE/19992014-09-03 2024-01-305  530_000000000000000_15KRE1999103818Central Library, BUETCirculation section 5  
Central Library, BUETGeneral Book2024-02-052014-10-27530.15/KRE/19992014-10-27 2024-01-3062 530_150000000000000_KRE_199997509Central Library, BUETCirculation section 8  
Central Library, BUETReading Item2015-06-162015-06-16530.15/KRE/19992015-06-16  7  530_150000000000000_KRE_199996647Central Library, BUETReading section    
Central Library, BUETGeneral Book2026-01-182003-05-10530.15/KRE/19992017-05-28 2025-12-018  530_150000000000000_KRE_199997508Central Library, BUETCirculation section 8